ბათუმის შოთა რუსთაველის სახელმწიფო უნივერსიტეტის ბიბლიოთეკა

Fundamental Principles and Practice of Anaesthesia / (ბიბ.ჩანაწერი № 61646)

000 -LEADER
fixed length control field 01001nam a22002297a 4500
005 - DATE AND TIME OF LATEST TRANSACTION
control field 20240408170818.0
008 - FIXED-LENGTH DATA ELEMENTS--GENERAL INFORMATION
fixed length control field 240408s2002 enk||||| |||| 00| 0 eng d
020 ## - INTERNATIONAL STANDARD BOOK NUMBER
International Standard Book Number 9781899066575x
041 ## - LANGUAGE CODE
Language code of text/sound track or separate title eng
080 ## - UNIVERSAL DECIMAL CLASSIFICATION NUMBER
Universal Decimal Classification number 616.314 F-97
245 ## - TITLE STATEMENT
Title Fundamental Principles and Practice of Anaesthesia /
Statement of responsibility, etc. Edited by Peter Hutton, Griselda Cooper, Francis M James, John F Butterworth
264 ## - PRODUCTION, PUBLICATION, DISTRIBUTION, MANUFACTURE, AND COPYRIGHT NOTICE
Place of production, publication, distribution, manufacture London :
Name of producer, publisher, distributor, manufacturer CRC Press,
Date of production, publication, distribution, manufacture, or copyright notice 2002.
300 ## - PHYSICAL DESCRIPTION
Extent 1100 p:
Other physical details ill.;
Dimensions 28 cm.
653 ## - INDEX TERM--UNCONTROLLED
keyword ანესტეზია
653 ## - INDEX TERM--UNCONTROLLED
keyword მედიცინა
653 ## - INDEX TERM--UNCONTROLLED
keyword ანესთეზიის ფუნდამენტური პრინციპები და პრაქტიკა
700 ## - ADDED ENTRY--PERSONAL NAME
Personal name Hutton,Peter
Relator term რედაქტორი
9 (RLIN) 21728
700 ## - ADDED ENTRY--PERSONAL NAME
Personal name Cooper, Griselda
Relator term რედაქტორი
9 (RLIN) 21729
700 ## - ADDED ENTRY--PERSONAL NAME
Personal name James, Francis M.
Relator term რედაქტორი
9 (RLIN) 21730
700 ## - ADDED ENTRY--PERSONAL NAME
Personal name Butterworth, John F.
Relator term რედაქტორი
9 (RLIN) 21731
942 ## - ADDED ENTRY ELEMENTS (KOHA)
Source of classification or shelving scheme
Koha item type წიგნი
ეგზემპლარები
Withdrawn status Lost status Source of classification or shelving scheme Damaged status Not for loan Permanent Location Current Location Shelving location Date acquired Cost, normal purchase price Full call number Barcode Date last seen Copy number Price effective from Koha item type Public note
          ბათუმის შოთა რუსთაველის სახელმწიფო უნივერსიტეტის მთავარი ბიბლიოთეკა ბათუმის შოთა რუსთაველის სახელმწიფო უნივერსიტეტის მთავარი ბიბლიოთეკა წიგნსაცავი 2024-04-08 405.00 616.314 F-97 67796 2024-04-08 67796 2024-04-08 წიგნი 405 ლ.